000 00537nam a22001937a 4500
003 KOHA_MİRAKIL
005 20251125120828.0
008 251125b tu ||||| |||| 00| 0 tur d
020 _a9786051980560
040 _aTR-AnABB
_btur
_cTR-AnABB
041 _atur
082 _a823.914
_bHAI 2018
100 1 _aHaig, Matt,
245 1 0 _aZamanı durdurmanın yolları /
_cMatt Haig
260 _aİstanbul :
_bDomingo Yayınevi,
_c2018
300 _a318 sayfa ;
_c21 cm
650 0 4 _aİngiliz edebiyatı, roman
942 _2ddc
_cBK
999 _c9626
_d9626
900 _bGizem YORULMAZ